Puzzle de Mots - Statistiques

Statistiques générales
  • Ce quiz a été pris 566 fois
  • Le résultat moyen est 7 sur 21
Statistiques - réponses
Hint Réponse % Correct
Dictateur allemand Hitler
82%
Liquide nourricier Lait
68%
Caillou rond et lisse Galet
65%
Boisson chaude Thé
58%
Pull ouvert Gilet
48%
Grand arbre Hêtre
45%
Équivalence Égalité
37%
Station Gare
37%
Navire à rames Galère
35%
Terre glaise Argile
34%
Respirer avec peine Haleter
29%
Remuer Agiter
25%
Délice Régal
25%
Niveau Étage
20%
Lieu de création Atelier
16%
Organe lypmhoïde Rate
13%
Ère musulmane Hégire
10%
Capitale de la Caroline du Nord Raleigh
8%
Anésthésique Éther
5%
LÉTHARGIE
4%
Désagréablement acide Aigrelet
3%
Aucun quiz correspondant
Distribution des résultats
% des personnes avec chaque résultat
Percentile par nombre de réponses
Votre historique - résultats
Vous n’avez pas pris ce quiz